Creamed latex (Record no. 56496)

MARC details
000 -LEADER
fixed length control field 00286nam a2200121Ia 4500
100 ## - MAIN ENTRY--AUTHOR NAME
Personal name Duckworth I H
245 #0 - TITLE STATEMENT
Title Creamed latex
260 ## - PUBLICATION, DISTRIBUTION, ETC. (IMPRINT)
Name of publisher Proceedings of the IRI
Year of publication 1965
300 ## - PHYSICAL DESCRIPTION
Number of Pages 134-147
650 ## - SUBJECT ADDED ENTRY--TOPICAL TERM
Topical Term Creamed altex
942 ## - ADDED ENTRY ELEMENTS (KOHA)
Koha item type Journals
Holdings
Withdrawn status Lost status Damaged status Not for loan Home library Current library Shelving location Date acquired Serial Enumeration / chronology Koha item type
      Journals RRII Library RRII Library Rubber chemistry 17/12/2021 Volume 12, Issue 3 Journals